000 00984nam a22002652a 4500
001 372
003 BD-RjUL
005 20211208233151.0
008 860101s1966 enk 000 0 eng d
035 _a(BD-RjUL)389
040 _aDLC
_cIKM
_dOCL
_dUKM
_dEQO
_beng
041 _aeng
082 _a026.33
_bPAP 1966
111 2 _aConference on Librarian-Statistician Relations in the Field of Economic Statistics.
_d1965.
_cLondon :
_91175
245 1 0 _aPapers and proceedings of a conference sponsored by the Library Association and the Royal Statistical Society and held on 5th July, 1965 /
_cedited by K. A. Mallaber
260 _aLondon :
_bLibrary Association,
_c1966
300 _a138 p. :
_btables ;
_c23 cm.
650 0 _aSpecial libraries
_91176
700 1 _aMallaber, K. A.
_q(Kenneth Aldridge).
_91177
710 2 _aLibrary Association.
_9183
710 2 _aRoyal Statistical Society (Great Britain)
_91178
942 _2ddc
_cBK
999 _c372
_d372